The Economics of Justice (Record no. 1312635)

MARC details
000 -LEADER
fixed length control field 00518nam a2200205Ia 4500
003 - CONTROL NUMBER IDENTIFIER
control field OSt
005 - DATE AND TIME OF LATEST TRANSACTION
control field 20250529132311.0
008 - FIXED-LENGTH DATA ELEMENTS--GENERAL INFORMATION
fixed length control field 008 250505s9999 xx 000 0 eng d
020 ## - INTERNATIONAL STANDARD BOOK NUMBER
International Standard Book Number 9780674279285
040 ## - CATALOGING SOURCE
Original cataloging agency ILCL
Language of cataloging eng
Transcribing agency ILCL
041 ## - LANGUAGE CODE
Language code of text/sound track or separate title eng
Source of code eng
082 ## - DEWEY DECIMAL CLASSIFICATION NUMBER
Assigning agency ILCL
100 ## - MAIN ENTRY--PERSONAL NAME
Personal name Posner, Richard A
245 #4 - TITLE STATEMENT
Title The Economics of Justice
260 ## - PUBLICATION, DISTRIBUTION, ETC.
Place of publication, distribution, etc. England
Name of publisher, distributor, etc. Harvard University Press
Date of publication, distribution, etc. 2022
300 ## - PHYSICAL DESCRIPTION
Extent xiii,415p.
365 ## - TRADE PRICE
Price type code INR
942 ## - ADDED ENTRY ELEMENTS (KOHA)
Koha item type Textbook
Source of classification or shelving scheme
Suppress in OPAC No
Holdings
Withdrawn status Lost status Source of classification or shelving scheme Damaged status Not for loan Home library Current library Source of acquisition Cost, normal purchase price Inventory number Total Checkouts Full call number Barcode Date last seen Price effective from Koha item type
    Colon Classification (CC)     Integrated Law Course library Integrated Law Course library Singhal Publications 895.00 2533 dt. 26-06-2024   Z:(X:51) M3 IL1863795 2025-05-06 2025-05-06 Textbook
    Colon Classification (CC)     Integrated Law Course library Integrated Law Course library Singhal Publications 895.00 2533 dt. 26-06-2024   Z:(X:51) M3 IL1863796 2025-05-06 2025-05-06 Textbook
Copyright @ Delhi University Library System